000 00856nam a22001935i 4500
001 151607
003 ES-MaACL
005 20230906204304.0
008 050921s1900 sp | |||||||| ||spa d
040 _aCAM
_bspa
_cCAM
110 2 _aAteneo de Vitoria.
_91848
245 1 0 _aMemoria del curso de 1899, leída en la sesión de clausura del mismo el 30 de diciembre /
_cpor Julián Vera-Fajardo.
260 _aVitoria :
_b[s.n.],
_c1900 (
_fEstablecimiento tipográfico de Domingo Sar)
300 _a33 p. ;
_c28 cm.
594 _aPrecede al tít.: Ateneo Científico, Literario y Artístico de Vitoria.
594 _aTít. de la cub.: "Memoria del curso de 1899 y de los Juegos florales ..."
610 2 _aAteneo de Vitoria-
_vMemorias.
_9151231
852 _aES-MaACL
_jT-995-F-3
_z-- Enc. hol., conservando la cub. original
_z-- Enc. en un vol. facticio
999 _c151607
_d151607